| 000 | 01767nam a2200553 i 4500 | ||
|---|---|---|---|
| 001 | 991023112359705066 | ||
| 003 | NyNyJPI | ||
| 005 | 20260413201214.0 | ||
| 008 | 140424s2014 pl a |000 0 pol | ||
| 009 | b0000003060207 | ||
| 015 | _aUWD 2014/14445 | ||
| 020 | _a9788393681198 | ||
| 035 | _a991023112359705066 | ||
| 035 | _a(PL-WaBN)b30602075-48omnis_nlop | ||
| 035 | _ab30602075 | ||
| 035 | _a(OCoLC)883507902 | ||
| 035 | _axx003101682 | ||
| 035 | _a(PL)b0000003060207 | ||
| 035 | _a(EXLNZ-48OMNIS_NETWORK)9910024813205606 | ||
| 040 |
_aWA N _cWA N _dWA N |
||
| 041 | 0 |
_apol _aeng |
|
| 044 |
_axxu _apl |
||
| 080 | _a913(73) | ||
| 080 | _a929-051(438)"19" | ||
| 080 | _a929-051(438)"20" | ||
| 084 | _a10 | ||
| 100 | 1 | _aSkowron, Anna L. | |
| 245 | 1 | 0 |
_aPodróż z biletem szczęścia / _cAnna i Janusz Skowron. |
| 260 |
_aNowy Jork ; _aKolbuszowa : _bAbakus, _c2014. |
||
| 300 |
_a166, [1] s. : _bil. ; _c21 cm + _eDodatek : [1] k. tabl. złoż. |
||
| 336 |
_aTekst _btxt _2rdacontent |
||
| 337 |
_aBez urządzenia pośredniczącego _bn _2rdamedia |
||
| 338 |
_aWolumin _bnc _2rdacarrier |
||
| 380 | _aKsiążki | ||
| 500 | _aDod.: Spóźnione słowo Zbyszka : Janusz i Ania - Podróż z biletem szczęścia / Zbigniew Lenart. | ||
| 546 | _aTekst częśc. ang. | ||
| 600 | 1 | 7 |
_aSkowron, Anna L. _2DBN |
| 600 | 1 | 7 |
_aSkowron, Janusz _d(1958- ) _2DBN |
| 648 | 7 |
_a1901-2000 _2DBN |
|
| 648 | 7 |
_a1989-2000 _2DBN |
|
| 648 | 7 |
_a2001- _2DBN |
|
| 651 | 7 |
_aStany Zjednoczone (USA) _2DBN |
|
| 655 | 7 |
_aLiteratura podróżnicza polska _yod 1989 r. _2DBN |
|
| 658 | _aHistoria | ||
| 700 | 1 |
_aSkowron, Janusz _d(1958- ) |
|
| 700 | 1 | 2 |
_aLenart, Zbigniew _d(1956- ). _tSpóźnione słowo Zbyszka |
| 710 | 2 |
_aAbakus _4pbl |
|
| 942 |
_2z _cBK _n0 |
||
| 999 |
_c91118 _d91118 |
||